[Event "Titled Tue 24th Jun Early"]
[Site "chess.com INT"]
[Date "2025.06.24"]
[Round "8"]
[White "Shafer, Logan C"]
[Black "Sabatier, Mathis"]
[Result "0-1"]
[WhiteTitle "CM"]
[BlackTitle "CM"]
[WhiteElo "2217"]
[BlackElo "2235"]
[WhiteFideId "30993342"]
[BlackFideId "26029685"]
[EventDate "2025.06.24"]

1. d4 d5 2. c4 dxc4 3. e3 e5 4. Bxc4 exd4 5. exd4 Bd6 6. Nf3 Nf6 7. Qe2+ Qe7 8.
Qxe7+ Bxe7 9. O-O O-O 10. Nc3 Nc6 11. Bf4 Bg4 12. d5 Bxf3 13. gxf3 Nd4 14. Kg2
Bd6 15. Be3 Nf5 16. Be2 Nh5 17. Ne4 Nf4+ 18. Bxf4 Bxf4 19. Bd3 Nh4+ 20. Kh3 Nxf3
21. Kg4 Ne5+ 22. Kxf4 Nxd3+ 23. Ke3 Nb4 24. Rad1 Nxa2 25. Rd4 a5 26. Kd2 Nb4 27.
Nc5 b6 28. Nd3 Nxd3 29. Kxd3 Rad8 30. Rc1 Rd7 31. Rc6 Rfd8 32. Kc4 g6 33. h4 Kg7
34. Rf4 Rxd5 35. Rxc7 Rc5+ 36. Rxc5 bxc5 37. Kxc5 Rb8 38. Kd6 Rxb2 39. Ke7 Re2+
40. Kd6 Rb2 41. Ke5 Rb5+ 42. Kd6 Rb4 43. Rf3 Rxh4 44. Ke5 a4 45. Ra3 h5 46. f4
Rg4 47. Rxa4 g5 48. Ra1 Rxf4 49. Rg1 f6+ 50. Ke6 Kg6 51. Ra1 h4 52. Ra8 h3 53.
Rh8 g4 54. Kd5 Kg5 55. Rg8+ Kh4 56. Rf8 Kg3 57. Rb8 h2 58. Rb1 Kg2 59. Rb6 h1=Q
60. Kc6 Kg3+ 61. Kc7 Rc4+ 62. Kb8 Qd5 63. Ka7 Qa5+ 64. Kb7 Rb4 65. Rxb4 Qxb4+
66. Kc6 Kf4 67. Kd5 g3 68. Ke6 g2 69. Kf7 g1=Q 70. Kxf6 Qgb6+ 71. Kg7 Qe7+ 72.
Kg8 Qbd8# 0-1

[Event "Titled Tue 24th Jun Early"]
[Site "chess.com INT"]
[Date "2025.06.24"]
[Round "8"]
[White "Punin, Andrii"]
[Black "Kobalia, Mikhail"]
[Result "1-0"]
[WhiteTitle "FM"]
[BlackTitle "GM"]
[WhiteElo "2289"]
[BlackElo "2538"]
[WhiteFideId "14112639"]
[BlackFideId "4119150"]
[EventDate "2025.06.24"]

1. Nf3 d5 2. e3 Nf6 3. c4 c6 4. Be2 Bg4 5. b3 e6 6. Bb2 Nbd7 7. O-O Bd6 8. d4
Ne4 9. Nbd2 f5 10. Ne5 Bxe2 11. Qxe2 Nxd2 12. Qxd2 O-O 13. f4 Nf6 14. a4 Ne4 15.
Qc1 Bxe5 16. fxe5 Qh4 17. Ba3 Rf7 18. Rf4 Qh6 19. cxd5 cxd5 20. Ra2 g5 21. Rf3
Qg7 22. Rc2 h5 23. Rc8+ Rxc8 24. Qxc8+ Kh7 25. Qxe6 Qg6 26. Qxd5 Rc7 27. e6 f4
28. Qd8 Rg7 29. e7 Nd2 30. Rf1 Rg8 31. Qd7 Re8 32. exf4 gxf4 33. Rxf4 Qb1+ 34.
Kf2 Qf1+ 35. Ke3 Qe1+ 36. Kd3 Qd1 37. Qf5+ Kh6 38. Qf6+ Kh7 39. Qf7+ Kh6 40.
Rf6+ Kg5 41. Rg6+ 1-0

[Event "Titled Tue 24th Jun Early"]
[Site "chess.com INT"]
[Date "2025.06.24"]
[Round "8"]
[White "Ozen, Batuhan"]
[Black "Boci, Mateu"]
[Result "0-1"]
[WhiteTitle "CM"]
[BlackTitle "FM"]
[WhiteElo "2128"]
[BlackElo "2274"]
[WhiteFideId "6345123"]
[BlackFideId "4704665"]
[EventDate "2025.06.24"]

1. c4 e5 2. Nc3 Nf6 3. g3 Nc6 4. Bg2 Bc5 5. d3 O-O 6. Nf3 d6 7. Bg5 h6 8. Bh4
Bb4 9. O-O Bxc3 10. bxc3 g5 11. Nxg5 hxg5 12. Bxg5 Kg7 13. f4 e4 14. dxe4 Qe7
15. e5 dxe5 16. fxe5 Qc5+ 17. e3 Ng4 18. Bxc6 bxc6 19. Qd4 Qxd4 20. cxd4 Be6 21.
h3 Nh6 22. Rf6 Nf5 23. g4 Ng3 24. Bh6+ Kh7 25. Bxf8 Rxf8 26. Kg2 Ne4 27. Rf4 Nd2
28. d5 cxd5 29. cxd5 Bxd5+ 30. Kg3 Ne4+ 31. Kh2 Kg7 32. Rc1 c6 33. Rb1 Re8 34.
Rb7 Rxe5 35. Rxa7 Re8 36. Ra4 Nc5 37. Ra5 Nd3 38. Rd4 Rxe3 39. Ra3 Re2+ 40. Kg3
Rg2+ 41. Kh4 Ne5 42. g5 Ng6+ 43. Kh5 Rf2 44. Rxd5 cxd5 45. Kg4 d4 46. h4 d3 47.
Kg3 Rd2 48. Rc3 Ne5 49. Kf4 Ng6+ 50. Ke3 Rxa2 51. Rxd3 Nxh4 52. Kf4 Ng6+ 53. Kg3
Ra4 54. Rd5 Ne7 55. Rb5 Kg6 56. Kf3 Nf5 57. Kf2 Kxg5 58. Kf3 f6 59. Kf2 Kf4 60.
Kg2 Ra2+ 61. Kg1 Ne3 62. Rb6 f5 63. Rb4+ Kg3 64. Rb1 f4 65. Kh1 f3 66. Rg1+ Kf4
67. Re1 Ng4 0-1

[Event "Titled Tue 24th Jun Early"]
[Site "chess.com INT"]
[Date "2025.06.24"]
[Round "8"]
[White "Pavlidou, Ekaterini"]
[Black "Nazin, Roman"]
[Result "1-0"]
[WhiteTitle "WIM"]
[BlackTitle "CM"]
[WhiteElo "2198"]
[BlackElo "2250"]
[WhiteFideId "4213262"]
[BlackFideId "4137167"]
[EventDate "2025.06.24"]

1. d4 c5 2. d5 e5 3. e4 a6 4. c4 d6 5. a4 Be7 6. Bd3 Bg5 7. h4 Bxc1 8. Qxc1 Nf6
9. f3 O-O 10. Ne2 b6 11. Nbc3 Ne8 12. g4 Nc7 13. Qe3 Ra7 14. Kd2 Rb7 15. g5 Bd7
16. Ng3 b5 17. cxb5 axb5 18. a5 c4 19. Bb1 Nba6 20. h5 Nc5 21. Bc2 b4 22. Nce2
Nb5 23. Nf5 Bxf5 24. exf5 c3+ 25. bxc3 bxc3+ 26. Nxc3 Nd4 27. Ra2 Qxg5 28. Qxg5
Nxf3+ 29. Ke3 Nxg5 30. f6 gxf6 31. h6 Ra8 32. Rha1 Rb4 33. a6 Ra7 34. Bf5 Kf8
35. Bc8 Ke7 36. Bf5 Kd8 37. Rb1 Rxb1 38. Nxb1 Rxa6 39. Rb2 Kc7 40. Nc3 Ra3 41.
Rc2 Na4 42. Kd2 Rxc3 43. Rxc3+ Nxc3 44. Kxc3 Kb6 45. Kc4 e4 46. Kd4 e3 47. Kxe3
Kc5 48. Be4 f5 49. Bxf5 Kxd5 50. Kf4 Kd4 51. Kxg5 Ke5 52. Bxh7 1-0

[Event "Titled Tue 24th Jun Early"]
[Site "chess.com INT"]
[Date "2025.06.24"]
[Round "8"]
[White "Gimeno Martos, Roberto"]
[Black "Dyulgerov, Volen"]
[Result "0-1"]
[WhiteTitle "CM"]
[BlackTitle "CM"]
[WhiteElo "2090"]
[BlackElo "2200"]
[WhiteFideId "2226804"]
[BlackFideId "2918978"]
[EventDate "2025.06.24"]

1. d4 e5 2. dxe5 d6 3. exd6 Bxd6 4. Nf3 Nf6 5. Nc3 Nc6 6. Bg5 Qe7 7. e3 h6 8.
Bh4 Be6 9. Bb5 O-O-O 10. Qe2 Nb4 11. a3 Nbd5 12. Nxd5 Bxd5 13. Rd1 g5 14. Bg3
Bxg3 15. hxg3 Ng4 16. Bc4 Bxc4 17. Rxd8+ Rxd8 18. Qxc4 Nxe3 19. Qe2 Rd1+ 20.
Qxd1 Nxd1+ 21. Kxd1 g4 22. Nd2 Qf6 23. f3 Qxb2 24. Rxh6 gxf3 25. gxf3 Qxa3 26.
g4 Qe3 27. Rh8+ Kd7 28. Rh5 b6 29. Rf5 Ke8 30. Ne4 Qd4+ 31. Ke2 a5 32. Rf4 Kf8
33. Rf5 a4 34. c3 Qc4+ 35. Kd2 a3 36. Nf6 a2 37. Nd7+ Ke7 38. Ne5 Qd5+ 39. Ke3
Qe6 40. Kf4 a1=Q 41. Nd3 Qd1 42. Re5 Qxd3 43. Re3 Qdxe3+ 44. Kg3 Q6e5+ 45. Kh4
Qh6# 0-1

[Event "Titled Tue 24th Jun Early"]
[Site "chess.com INT"]
[Date "2025.06.24"]
[Round "8"]
[White "Osinovsky, Stepan"]
[Black "Agarwal, Amaya"]
[Result "1-0"]
[WhiteTitle "FM"]
[BlackTitle "WCM"]
[WhiteElo "2240"]
[BlackElo "2004"]
[WhiteFideId "4157354"]
[BlackFideId "48733580"]
[EventDate "2025.06.24"]

1. e4 c5 2. Nf3 d6 3. d4 cxd4 4. Nxd4 Nf6 5. Nc3 a6 6. Be3 e5 7. Nb3 Be7 8. Qd2
Be6 9. O-O-O h5 10. Kb1 Ng4 11. g3 Nxe3 12. Qxe3 Nd7 13. f4 Qc7 14. f5 Bxb3 15.
cxb3 Rc8 16. Bc4 b5 17. Nd5 Qd8 18. Be2 Nf6 19. Nb4 Qa5 20. a3 Qd8 21. Nxa6 Qd7
22. h3 Qb7 23. Nb4 Qxe4+ 24. Qxe4 Nxe4 25. Bxb5+ Kf8 26. Rd3 Nf2 27. Rhd1 Nxd1
28. Rxd1 Bf6 29. Bc6 Ke7 30. Be4 Rhd8 31. Nd5+ Ke8 32. b4 Rc4 33. Bd3 Rd4 34.
Bb5+ Kf8 35. Rxd4 exd4 36. a4 Be5 37. g4 hxg4 38. hxg4 Rb8 39. Kc2 f6 40. Bd3
Ra8 41. b3 Ke8 42. b5 Kd8 43. b6 Kc8 44. Bb5 Kb7 45. b4 Rc8+ 46. Kd2 Bg3 47. a5
Ra8 48. Kd3 Bh4 49. Kxd4 Bf2+ 50. Kd3 Be1 51. Kc4 Bf2 52. Bd7 Rd8 53. Be6 Ra8
54. Kb5 Bg1 55. Bd7 Bf2 56. Bc6+ Kb8 57. Bxa8 Kxa8 58. Kc6 Bg3 59. a6 Kb8 60.
Nc7 d5 61. a7+ Kc8 62. a8=Q# 1-0

[Event "Titled Tue 24th Jun Early"]
[Site "chess.com INT"]
[Date "2025.06.24"]
[Round "8"]
[White "Xiong, Jeffery"]
[Black "Niemann, Hans Moke"]
[Result "0-1"]
[WhiteTitle "GM"]
[BlackTitle "GM"]
[WhiteElo "2639"]
[BlackElo "2736"]
[WhiteFideId "2047640"]
[BlackFideId "2093596"]
[EventDate "2025.06.24"]

1. c4 e5 2. Nc3 Be7 3. Nf3 d6 4. d4 Nc6 5. d5 Nb8 6. e4 Bg4 7. Be2 Nd7 8. Be3
Bxf3 9. Bxf3 Bg5 10. Qd2 h6 11. h4 Bxe3 12. Qxe3 Ne7 13. g4 Ng6 14. O-O-O Nxh4
15. Rh3 Qg5 16. Qxg5 hxg5 17. Be2 Ke7 18. b4 Ng2 19. Rdh1 Rxh3 20. Rxh3 Nf4 21.
Rh7 Nf6 22. Rxg7 Ng6 23. c5 a6 24. c6 b6 25. a4 Kf8 26. Rxg6 fxg6 27. f3 Ke7 28.
Kd2 a5 29. bxa5 Rxa5 30. Ke3 Rc5 31. Kd2 Ra5 32. Ke3 Ra8 33. Kf2 Ra5 34. Bb5 Ng8
35. Kg2 Kd8 36. Ne2 Ne7 37. Ng1 Nc8 38. Nh3 Na7 39. Bd3 Rxa4 40. Nxg5 Ra3 41.
Ne6+ Kc8 42. Bf1 b5 43. Kf2 b4 44. f4 exf4 45. Nxf4 b3 46. Nd3 b2 47. Nxb2 Ra2
48. Kg3 Rxb2 49. Kh4 Kd8 50. Kg5 Ke7 51. Kxg6 Nb5 52. g5 Nd4 53. Kg7 Rf2 54. Bd3
Nf3 0-1

[Event "Titled Tue 24th Jun Early"]
[Site "chess.com INT"]
[Date "2025.06.24"]
[Round "8"]
[White "Leung, Hoi Ting"]
[Black "Wu, Jayden"]
[Result "0-1"]
[WhiteTitle "WCM"]
[WhiteElo "1618"]
[BlackElo "2061"]
[WhiteFideId "6003770"]
[BlackFideId "30972558"]
[EventDate "2025.06.24"]

1. d4 Nf6 2. c4 e6 3. e3 d5 4. Nf3 Be7 5. c5 O-O 6. Nc3 c6 7. Bd3 Nbd7 8. O-O
Qc7 9. b4 e5 10. dxe5 Nxe5 11. Nxe5 Qxe5 12. Bb2 Qc7 13. Ne2 Bg4 14. Qc2 Bh5 15.
Ng3 Bg6 16. a4 Nd7 17. Bd4 Bxd3 18. Qxd3 Bf6 19. Rab1 Bxd4 20. exd4 g6 21. Rfe1
Rfe8 22. b5 Nf6 23. h3 Qa5 24. Rxe8+ Rxe8 25. bxc6 bxc6 26. Qb3 h5 27. Nf1 Kg7
28. Ne3 Ne4 29. Qc2 Nc3 30. Ra1 Ne4 31. Rb1 Nc3 32. Ra1 Rb8 33. Ra3 Ne4 34. Kh2
Qb4 35. Ra2 Qxd4 36. g3 Rb4 37. a5 a6 38. Qe2 Nxc5 39. Rd2 Qe4 40. Rc2 Rb5 41.
f3 Qe6 42. Qf2 d4 43. Ng2 Qd5 44. Nf4 Qd6 45. Rd2 Nb3 46. Rd3 c5 47. Qe1 c4 48.
Rd1 Re5 49. Qf2 d3 50. Qb2 Qd4 51. Qa2 Nc5 52. h4 c3 53. Nxd3 Nxd3 54. Qc2 Qf2+
55. Qxf2 Nxf2 56. Rc1 Rc5 57. Kg2 Nd3 58. Rc2 Nb4 59. Rc1 c2 60. Kf2 Na2 61.
Rxc2 Rxc2+ 62. Ke3 Rc5 63. Kd4 Rxa5 64. Kc4 Rb5 65. Kd3 Nc3 66. Kxc3 a5 67. Kc4
Rb8 68. Kc5 a4 69. Kc6 a3 70. Kc7 Rb1 71. g4 a2 72. gxh5 a1=Q 73. hxg6 Kxg6 74.
h5+ Kxh5 75. f4 Rf1 76. f5 Rxf5 0-1

[Event "Titled Tue 24th Jun Early"]
[Site "chess.com INT"]
[Date "2025.06.24"]
[Round "8"]
[White "Tan, Zhongyi"]
[Black "Saiz Rodriguez, Daniel Evelio"]
[Result "1-0"]
[WhiteTitle "GM"]
[BlackTitle "FM"]
[WhiteElo "2546"]
[BlackElo "2187"]
[WhiteFideId "8603642"]
[BlackFideId "3523420"]
[EventDate "2025.06.24"]

1. e4 c5 2. Nf3 g6 3. d4 cxd4 4. Nxd4 Bg7 5. c4 Nc6 6. Be3 Qb6 7. Nb3 Qd8 8. Qd2
Nf6 9. f3 O-O 10. Nc3 d6 11. Be2 a5 12. Na4 Be6 13. Nb6 Rb8 14. Nxa5 Nxa5 15.
Qxa5 Nd7 16. Qb4 f5 17. exf5 Rxf5 18. O-O Re5 19. Nxd7 Rxe3 20. Nxb8 Rxe2 21.
Qxb7 Rxb2 22. Nc6 Qb6+ 23. Qxb6 Rxb6 24. Nxe7+ Kf7 25. Nd5 Bd4+ 26. Kh1 Bxd5 27.
cxd5 Bxa1 28. Rxa1 Kf6 29. Re1 Rb5 30. Re6+ Kf7 31. h4 Rxd5 32. Re4 Rd2 33. Ra4
d5 34. Kh2 Kf6 35. Kg3 Ke5 36. Ra7 d4 37. a4 d3 38. Rxh7 Kd4 39. Rg7 Ra2 40.
Rxg6 Ke3 41. Re6+ Kd2 42. h5 Rxa4 43. h6 Ra8 44. Kh4 Kd1 45. g4 d2 46. g5 Rd8
47. Ra6 Ke2 48. Ra1 Kxf3 49. g6 d1=Q 50. Rxd1 Rxd1 51. Kg5 1-0

[Event "Titled Tue 24th Jun Early"]
[Site "chess.com INT"]
[Date "2025.06.24"]
[Round "8"]
[White "Piesik, Piotr"]
[Black "Rahmilevitz, Anton"]
[Result "0-1"]
[WhiteTitle "IM"]
[WhiteElo "2436"]
[BlackElo "2243"]
[WhiteFideId "1136194"]
[BlackFideId "2809699"]
[EventDate "2025.06.24"]

1. Nf3 c5 2. g3 Nf6 3. Bg2 g6 4. O-O Bg7 5. c3 d6 6. d4 cxd4 7. cxd4 O-O 8. Nc3
Nc6 9. e4 Bg4 10. Be3 a6 11. h3 Bd7 12. Qd2 Rc8 13. Rac1 Na5 14. b3 Nc6 15. d5
Nb8 16. Nd4 Rc7 17. a4 e5 18. dxe6 fxe6 19. Nde2 Bc6 20. Bb6 Qd7 21. Bxc7 Qxc7
22. Nd5 Qd8 23. Nxf6+ Bxf6 24. Rfd1 Be7 25. Qe3 Bd7 26. e5 d5 27. h4 Nc6 28. Nd4
Qa5 29. Bh3 Nxd4 30. Qxd4 b6 31. Rc2 Bc5 32. Qg4 Rf5 33. Bg2 d4 34. Re2 Qc3 35.
Be4 Rf7 36. Rd3 Qc1+ 37. Kg2 b5 38. Bd5 Re7 39. axb5 exd5 40. e6 Bxb5 41. Qf3
Bxd3 42. Qxd3 Qc3 43. Qxa6 d3 44. Qc8+ Kg7 45. Ra2 d2 0-1

[Event "Titled Tue 24th Jun Early"]
[Site "chess.com INT"]
[Date "2025.06.24"]
[Round "8"]
[White "Chen, Yidong"]
[Black "Yushko, Olga"]
[Result "0-1"]
[BlackTitle "WFM"]
[WhiteElo "2074"]
[BlackElo "2033"]
[WhiteFideId "8607028"]
[BlackFideId "14114500"]
[EventDate "2025.06.24"]

1. e4 Nf6 2. e5 Nd5 3. c4 Nb6 4. d4 d6 5. exd6 exd6 6. Nc3 Be7 7. Bd3 O-O 8. h3
Nc6 9. Nf3 d5 10. c5 Nd7 11. Nxd5 Nf6 12. Nxf6+ Bxf6 13. Be3 Re8 14. O-O Qd5 15.
Bc2 Rd8 16. Qd3 g6 17. Bb3 Qh5 18. Qe2 Bf5 19. Rad1 Be4 20. Rfe1 Bxf3 21. Qxf3
Qxf3 22. gxf3 Bxd4 23. Bxd4 Nxd4 24. Kg2 Nxb3 25. axb3 Kf8 26. b4 Rxd1 27. Rxd1
Ke7 28. Re1+ Kf6 29. Rd1 Ke6 30. Re1+ Kd7 31. b5 a6 32. Rd1+ Ke7 33. Re1+ Kf8
34. bxa6 Rxa6 35. b4 Ra4 36. Re4 f5 37. Rd4 Ke7 38. Kg3 Ke6 39. h4 h5 40. Kf4
Ra2 41. Kg5 Rxf2 42. Kxg6 Rxf3 43. Kxh5 Rg3 44. b5 Rg2 45. Rd8 f4 46. Re8+ Kd5
47. Re7 f3 48. Rxc7 f2 49. Rf7 Kxc5 50. Rf5+ Kd4 51. Kh6 Ke4 52. Rf7 Ke3 53.
Re7+ Kf4 54. Rf7+ Kg3 55. h5 Kh2 56. Kh7 Kg1 57. h6 f1=Q 58. Rxf1+ Kxf1 59. Kh8
Rb2 60. h7 Rxb5 0-1

[Event "Titled Tue 24th Jun Early"]
[Site "chess.com INT"]
[Date "2025.06.24"]
[Round "8"]
[White "Nersisyan, Garnik"]
[Black "Izafatava, Kira"]
[Result "0-1"]
[WhiteTitle "CM"]
[BlackTitle "WCM"]
[WhiteElo "2035"]
[BlackElo "2036"]
[WhiteFideId "13300741"]
[BlackFideId "13521705"]
[EventDate "2025.06.24"]

1. e4 e6 2. Nc3 d5 3. d3 c5 4. g3 Nc6 5. Bg2 Nf6 6. Bg5 d4 7. Nce2 h6 8. Bxf6
Qxf6 9. f4 e5 10. Nf3 Bd6 11. fxe5 Nxe5 12. O-O Nxf3+ 13. Rxf3 Qe7 14. h3 O-O
15. Nf4 f5 16. Nd5 Qg5 17. Kh2 Be6 18. Nf4 fxe4 19. Nxe6 Qe5 20. Rxf8+ Rxf8 21.
Qg4 h5 22. Qxg7+ Qxg7 23. Nxg7 Kxg7 24. Bxe4 Rf2+ 25. Kg1 Rxc2 26. Bxb7 Rxb2 27.
Bf3 Bxg3 28. Bxh5 Rd2 29. Rc1 Bd6 30. Rb1 Rxd3 31. Rb7+ Kh6 32. Bg4 Ra3 33. Rd7
Bf4 34. Rd5 c4 35. Kg2 Rxa2+ 36. Kf3 Be3 37. Ke4 c3 38. Bf5 c2 39. Rd6+ Kg5 40.
Rg6+ Kh4 41. Kf3 c1=Q 42. Rg4+ Kh5 43. Ke4 Qc2+ 44. Ke5 Ra5+ 45. Ke6 Qxf5+ 46.
Ke7 Re5+ 47. Kd6 Qe6+ 48. Kc7 Rc5+ 49. Kb8 Qc8+ 50. Kxa7 Qc7+ 51. Ka8 Ra5# 0-1

[Event "Titled Tue 24th Jun Early"]
[Site "chess.com INT"]
[Date "2025.06.24"]
[Round "8"]
[White "Ladan, Nicholas"]
[Black "Dilanyan, Grigor"]
[Result "1-0"]
[BlackTitle "FM"]
[WhiteElo "2218"]
[BlackElo "2191"]
[WhiteFideId "30918855"]
[BlackFideId "13303570"]
[EventDate "2025.06.24"]

1. d4 Nf6 2. Nc3 d5 3. Bf4 g6 4. e3 Bg7 5. h4 O-O 6. h5 Nxh5 7. Rxh5 gxh5 8.
Qxh5 f5 9. Qh2 Nc6 10. Nf3 e6 11. Nb5 Bd7 12. Nxc7 Rc8 13. Ng5 h6 14. Ngxe6 Bxe6
15. Nxe6 Qa5+ 16. c3 Nxd4 17. Nxd4 Rxc3 18. bxc3 Qxc3+ 19. Ke2 Qxa1 20. Be5
Qxa2+ 21. Kf3 Qb1 22. Bxg7 Qe4+ 23. Ke2 Kxg7 24. Qg3+ Qg4+ 25. Qxg4+ fxg4 26.
Ne6+ Kf7 27. Nxf8 Kxf8 28. Kd3 Ke7 29. Kd4 Kd6 30. Be2 h5 31. g3 a6 32. Bd3 a5
33. Bb5 b6 34. Be8 Ke6 35. Bxh5 a4 36. Bxg4+ Kd6 37. Bd1 a3 38. Bb3 b5 39. Bxd5
b4 40. Ba2 Ke7 41. f4 Kf6 42. e4 Kg6 43. g4 Kf6 44. Kc4 1-0

[Event "Titled Tue 24th Jun Early"]
[Site "chess.com INT"]
[Date "2025.06.24"]
[Round "8"]
[White "Ugarte Soto, Cesar"]
[Black "Sturt, Raven"]
[Result "0-1"]
[WhiteTitle "CM"]
[BlackTitle "GM"]
[WhiteElo "2088"]
[BlackElo "2459"]
[WhiteFideId "3601331"]
[BlackFideId "2007304"]
[EventDate "2025.06.24"]

1. d4 f5 2. Bg5 g6 3. h4 h6 4. Bf4 Nf6 5. e3 Bg7 6. Nf3 d6 7. Bc4 a6 8. c3 b5 9.
Bb3 Nc6 10. Nbd2 Na5 11. Bc2 Nh5 12. b4 Nc6 13. Bb3 e5 14. Bh2 e4 15. Ng1 Ne7
16. Ne2 d5 17. Nf4 Nf6 18. a4 Rb8 19. axb5 axb5 20. Qe2 c6 21. Bd1 Bd7 22. Nb3
Kf7 23. Nc5 Ra8 24. Rc1 Ra3 25. Bg3 Bc8 26. h5 g5 27. Ng6 Nxg6 28. hxg6+ Kxg6
29. Be5 h5 30. Bxf6 Bxf6 31. Rxh5 g4 32. Rxh8 Qxh8 33. Qb2 Ra7 34. g3 Qh1+ 35.
Kd2 Qg2 36. Ke1 Qg1+ 37. Ke2 Rh7 38. Bb3 Qxf2+ 39. Kxf2 Rh2+ 40. Kg1 Rxb2 41.
Ra1 Be7 42. Ra8 Bxc5 43. bxc5 Rxb3 44. Rxc8 Rxc3 45. Rxc6+ Kg5 46. Rb6 Rxe3 47.
c6 Rxg3+ 48. Kf2 Rc3 49. Rxb5 g3+ 50. Kg2 Kg4 51. Rxd5 Rxc6 52. Re5 Rc2+ 53. Kg1
Rd2 54. d5 Kf4 55. Re8 Kf3 0-1

[Event "Titled Tue 24th Jun Early"]
[Site "chess.com INT"]
[Date "2025.06.24"]
[Round "8"]
[White "Vinolas Anglada, Laura"]
[Black "Szczepanek, Radoslaw"]
[Result "1-0"]
[WhiteTitle "WCM"]
[BlackTitle "CM"]
[WhiteElo "2059"]
[BlackElo "2197"]
[WhiteFideId "24517925"]
[BlackFideId "1120395"]
[EventDate "2025.06.24"]

1. e4 c5 2. Nf3 Nc6 3. d4 cxd4 4. Nxd4 Nf6 5. Nc3 e5 6. Ndb5 d6 7. Bg5 a6 8. Na3
b5 9. Nd5 Be7 10. Bxf6 Bxf6 11. c3 Ne7 12. Nc2 Nxd5 13. Qxd5 Rb8 14. a4 bxa4 15.
Nb4 Bb7 16. Qa2 O-O 17. Bd3 a5 18. Nd5 Bxd5 19. Qxd5 Rxb2 20. O-O Qb6 21. Rxa4
Bd8 22. Bc4 Qb8 23. h3 Bb6 24. Ra2 Bc5 25. Rxa5 Kh8 26. Ra2 Rxa2 27. Bxa2 Qb2
28. Qb3 Qd2 29. Qc4 h6 30. Bb3 Qb2 31. Ba4 f5 32. Qb3 Qd2 33. Qc2 Qf4 34. exf5
Rxf5 35. Bb5 Rf8 36. Bd3 d5 37. Qc1 Qf6 38. Qd2 e4 39. Bc2 Qe5 40. Bb3 e3 41.
Qxd5 exf2+ 42. Kh1 Qxd5 43. Bxd5 Rd8 44. Bc4 Rd2 45. g4 Rc2 46. Kg2 Rxc3 47. Be2
Rc2 48. Bf3 Kg8 49. Bd5+ Kf8 50. Be4 1-0

[Event "Titled Tue 24th Jun Early"]
[Site "chess.com INT"]
[Date "2025.06.24"]
[Round "8"]
[White "Oppezzo, Sebastian"]
[Black "Katishonok, Nikolaj"]
[Result "1-0"]
[BlackTitle "FM"]
[WhiteElo "2177"]
[BlackElo "2004"]
[WhiteFideId "112321"]
[BlackFideId "11600225"]
[EventDate "2025.06.24"]

1. d4 Nf6 2. c4 e6 3. g3 d5 4. Bg2 Be7 5. Nf3 O-O 6. O-O dxc4 7. Qc2 c6 8. Qxc4
b5 9. Qc2 Bb7 10. Rd1 Nbd7 11. Nc3 Rc8 12. Bf4 Qb6 13. Rac1 Rfd8 14. a3 c5 15.
dxc5 Nxc5 16. Be3 Ng4 17. Ng5 g6 18. Rxd8+ Rxd8 19. Bxc5 Qxc5 20. Nce4 Qxc2 21.
Rxc2 Rd1+ 22. Bf1 h6 23. Nc3 Rxf1+ 24. Kxf1 hxg5 25. Nxb5 Nxh2+ 26. Kg1 Ng4 27.
Rc7 Ba6 28. Rxe7 Bxb5 29. Rxa7 Bxe2 30. a4 Ne5 31. b4 Nf3+ 32. Kg2 Ne1+ 33. Kh2
Nf3+ 34. Kh1 Bd3 35. b5 Be4 36. b6 Ne5+ 37. Kg1 Nc6 38. b7 Kg7 39. Ra8 g4 40.
b8=Q Nxb8 41. Rxb8 Kf6 42. a5 Ke5 43. a6 f5 44. a7 f4 45. a8=Q Bxa8 46. Rxa8 f3
47. Ra4 Kf5 48. Kf1 e5 49. Ke1 g5 50. Kd2 e4 51. Ke3 1-0

[Event "Titled Tue 24th Jun Early"]
[Site "chess.com INT"]
[Date "2025.06.24"]
[Round "8"]
[White "Moussard, Jules"]
[Black "Mayank, Chakraborty"]
[Result "1-0"]
[WhiteTitle "GM"]
[BlackTitle "IM"]
[WhiteElo "2597"]
[BlackElo "2457"]
[WhiteFideId "642908"]
[BlackFideId "25659766"]
[EventDate "2025.06.24"]

1. Nf3 d5 2. e3 Nf6 3. b3 c5 4. Bb2 e6 5. d4 Nc6 6. Bd3 Bd6 7. Nbd2 O-O 8. O-O
b6 9. Ne5 Bb7 10. f4 Rc8 11. a3 Ne7 12. Qf3 c4 13. bxc4 dxc4 14. Qxb7 cxd3 15.
cxd3 Rc2 16. Ndc4 Ned5 17. Rac1 Rxb2 18. Nc6 Qe8 19. Nxd6 Qa8 20. Qxa8 Rxa8 21.
e4 Ne3 22. Rf2 Rb3 23. Ne5 Neg4 24. Nxg4 Nxg4 25. Rfc2 h5 26. h3 Nh6 27. Rc3 Rb2
28. R1c2 Rb1+ 29. Rc1 Rb2 30. R1c2 Rb1+ 31. Kf2 Kh7 32. Rc7 f5 33. Rd7 Rb3 34.
Rcc7 Rg8 35. Ke2 Rxa3 36. Ne8 fxe4 37. Nf6+ Kh8 38. Nxg8 exd3+ 39. Kd2 Nxg8 40.
Rxg7 Nf6 41. Rgf7 Ne4+ 42. Ke3 d2+ 43. Kxe4 Kg8 44. Rfd7 1-0

[Event "Titled Tue 24th Jun Early"]
[Site "chess.com INT"]
[Date "2025.06.24"]
[Round "8"]
[White "Carnicelli, Valerio"]
[Black "Vasquez Schroeder, Rodrigo"]
[Result "1/2-1/2"]
[WhiteTitle "FM"]
[BlackTitle "GM"]
[WhiteElo "2396"]
[BlackElo "2446"]
[WhiteFideId "856185"]
[BlackFideId "3400042"]
[EventDate "2025.06.24"]

1. e4 e6 2. d4 d5 3. Nc3 Bb4 4. e5 c5 5. a3 Bxc3+ 6. bxc3 Ne7 7. Qg4 Kf8 8. Nf3
b6 9. h4 h6 10. h5 Ba6 11. Bxa6 Nxa6 12. a4 Nb8 13. Ba3 Nd7 14. O-O Kg8 15. Nh4
Nc6 16. Rad1 Qe8 17. f4 f5 18. Qg6 Na5 19. dxc5 bxc5 20. g4 Nc4 21. Bc1 fxg4 22.
Qxg4 Kh7 23. Qg6+ Kg8 24. Kh2 Nf8 25. Qg4 Kh7 26. Rg1 Rg8 27. Ng6 Nxg6 28. hxg6+
Kh8 29. Rd3 Rf8 30. Rh3 Rf5 31. Rh5 Qf8 32. Rxf5 exf5 33. Qf3 Rd8 34. Rd1 Qg8
35. Qe2 Rd7 36. Qxc4 dxc4 37. Rxd7 Qe8 38. Rd6 Qe7 39. Kg3 Kg8 40. Be3 Kf8 41.
Bxc5 Ke8 42. Bd4 Qb7 43. Re6+ Kd8 44. Rd6+ Kc8 45. e6 Qe4 46. Be5 Qe3+ 47. Kg2
Qe2+ 48. Kg1 Qe1+ 49. Kg2 Qe2+ 50. Kg1 Qe1+ 51. Kg2 Qe2+ 1/2-1/2

[Event "Titled Tue 24th Jun Early"]
[Site "chess.com INT"]
[Date "2025.06.24"]
[Round "8"]
[White "Kollars, Dmitrij"]
[Black "Baskakov, Egor"]
[Result "1-0"]
[WhiteTitle "GM"]
[BlackTitle "CM"]
[WhiteElo "2633"]
[BlackElo "2215"]
[WhiteFideId "12909572"]
[BlackFideId "24197866"]
[EventDate "2025.06.24"]

1. Nf3 Nf6 2. g3 e6 3. Bg2 Be7 4. O-O O-O 5. d4 d5 6. Ne5 Nbd7 7. c4 Nxe5 8.
dxe5 Nd7 9. cxd5 Nxe5 10. Nc3 exd5 11. Nxd5 Bd6 12. Qc2 c6 13. Nc3 Qe7 14. b3
Ng6 15. Rd1 Be6 16. Ne4 Be5 17. Rb1 Rfd8 18. Be3 Bd5 19. Rd2 Bc7 20. Rbd1 Bb6
21. Bc5 Bxc5 22. Qxc5 Rd7 23. Qxe7 Rxe7 24. Nc5 Bxg2 25. Kxg2 b6 26. Rd8+ Re8
27. Rxa8 Rxa8 28. Na6 Nf8 29. Rd6 Rc8 30. Nb4 c5 31. Nc6 Rc7 32. e4 f6 33. f4
Kf7 34. Kf3 Ne6 35. Ke3 Nf8 36. e5 fxe5 37. fxe5 Ke8 38. Ke4 Rd7 39. Kd5 Ng6 40.
e6 Rxd6+ 41. Kxd6 h5 42. h4 a6 43. a4 b5 44. axb5 axb5 45. Kxc5 Nf8 46. Nd4 Nh7
47. Kxb5 g5 48. Kc6 gxh4 49. gxh4 Nf6 50. b4 Ne4 51. b5 Ke7 52. b6 1-0